000 003490000a22001090004500
090 _aAR
_b04516
100 1 _aStiles, F. Gary
_9877
245 1 0 _aBehavioral, ecological and morphological correlates of foraging for arthropods by the hummingbirds of a tropical wet forest
041 0 _aInglés
942 _cARTICULO
773 1 _tCondor
_q853-878
_d1995
_g97
999 _c13615
_d13615